Draught animal power for production

Gespeichert in:
Bibliographische Detailangaben
1. Verfasser: Copland, J. W.
Format: Buch
Sprache:Undetermined
Veröffentlicht: Caberra Australian center for international agriculture research 1987
Schlagworte:
Tags: Tag hinzufügen
Keine Tags, Fügen Sie den ersten Tag hinzu!
Thư viện lưu trữ: Trung tâm Học liệu Trường Đại học Cần Thơ
LEADER 00583nam a2200193Ia 4500
001 CTU_126026
008 210402s9999 xx 000 0 und d
082 |a 636.088 
082 |b C784/No.10 
100 |a Copland, J. W. 
245 0 |a Draught animal power for production 
245 0 |c J. W. Copland 
260 |a Caberra 
260 |b Australian center for international agriculture research 
260 |c 1987 
650 |a Animal power,Sức kéo gia súc 
650 |x Gia súc kéo cày 
904 |i Hiếu 
980 |a Trung tâm Học liệu Trường Đại học Cần Thơ